| 000 | 00604nam a2200217 i 4500 | ||
|---|---|---|---|
| 001 | 00000000047079 | ||
| 003 | OSt | ||
| 005 | 20130607170602.0 | ||
| 008 | 020226s1977 esp 0011b spa d | ||
| 020 | _a84-239-1625-1 | ||
| 040 | _cBMC | ||
| 082 | _a920 Cagliostro | ||
| 100 |
_aGervaso, Roberto _9761 |
||
| 245 | 1 | 0 |
_aCagliostro _cRoberto Gervaso ; [traducción del italiano por María Moreu] |
| 260 |
_aMadrid _bEspasa-Calpe _c1977 |
||
| 300 |
_a258 p. _c18 cm |
||
| 490 |
_aAustral _v1625 |
||
| 600 |
_9771 _aCagliostro, Alessandro _cconte di |
||
| 700 |
_aMoreu, María _9762 |
||
| 942 |
_2ddc _cBK |
||
| 999 |
_c637 _d637 |
||